| 000 | 00815nam a22002537a 4500 | ||
|---|---|---|---|
| 999 |
_c708 _d708 |
||
| 001 | 8245 | ||
| 003 | BD-DhUAP | ||
| 005 | 20200127103029.0 | ||
| 008 | 200127s2004 ii a 000 0aeng | ||
| 010 | _a 2005534738 | ||
| 020 | _a923103992X | ||
| 040 |
_aDLC _cDLC _bEng _dBD-DhUAP |
||
| 082 |
_223 _a327.540092 SIN |
||
| 100 | 1 | _aSingh, Madanjeet. | |
| 245 | 1 | 4 |
_aThe Sasia story / _cMadanjeet Singh ; introduction Manmohan Singh. |
| 260 |
_aNew Delhi : _bSouth Asia Foundation, _cc2004. |
||
| 300 |
_a223 pages : _billustrations ; _c21 x 25 cm. |
||
| 500 | _a"In cooperation with the European Commission." | ||
| 650 | 0 |
_aAmbassadors _zIndia _vBiography. |
|
| 650 | 0 |
_aCooperation _zSouth Asia. |
|
| 651 | 0 |
_aSouth Asia _xForeign relations. |
|
| 710 | 2 | _aSouth Asia Foundation (New Delhi, India) | |
| 942 |
_2ddc _cBK |
||